000 00506cam a2200169 a 4500
020 _a0442245025
040 _cDLC
082 0 0 _a543 VAN 1981 A027 Or.
245 0 0 _aInstrumental methods of analysis /
250 _a6th ed.
260 _aNew York :
_bVan Nostrand,
_cc1981.
300 _axxiv, 1030 p. :
_bill. ;
_c25 cm.
500 _aPrevious ed.: Hobart H. Willard, Lynne L. Merritt, Jr., John A. Dean. 5th ed. 1974.
650 0 _aInstrumental analysis.
700 1 _aWillard, Hobart H.
942 _cEK
999 _c13430
_d13430